000 01283cam a2200229 4500
001 78949
003 BD-RjUL
005 20211209083208.0
008 211201s19481367ua b 000 0 arar
035 _a(BD-RjUL)
040 _aDLC
_cWAU
_dBNG
_dNBiSU
_dUkOxU
_beng
041 _aara
082 _223
_a297.352
_bTAQ 1948
100 1 _aطبري، مًحب الدين أحمد بن عبد الله.;; Ṭabarī, Muḥibb al-Dīn Aḥmad ibn ʿAbd Allāh,
_d1218-1295.
_9244137
245 1 3 _aالقرى لقاصد أم القرى /;; al-Qirá li-qāṣid Umm al-Qurá /
_cتأليف أبي العباس أحمد بن عبد الله بن محمد بن أبي بكر محب الدين الطبري ثم المكي ؛ عارضه بمخطوطات مكة والقاهرة مصطفى السقا.;; taʼlīf Abī al-ʿAbbās Aḥmad ibn ʿAbd Allāh ibn Muḥammad ibn Abī Bakr Muḥibb al-Dīn al-Ṭabarī thumma al-Makkī ; ʿĀraḍahu bi-makhṭūṭāt Makkah wa-al-Qāhirah Muṣṭafá al-Saqqā.
250 _aal-Ṭabʿah 1.
260 _aMiṣr :مصر :
_b:Muṣṭafá al-Bābī al-Ḥalabī,
_c1948
300 _a680 p. ;
_c25 cm.
504 _aIncludes bibliographical references.
650 0 _aMuslim pilgrims and pilgrimages
_zSaudi Arabia
_zMecca.
_9250907
942 _2ddc
_cBK
999 _c78949
_d78949